000 00671nam a2200277Ia 4500
005 20260121124606.0
008 008 260114s9999 xx 000 0 eng d
020 _a9780674067585
037 _aEBOOK
040 _aCRL
040 _beng
040 _cCRL
041 _2eng
041 _aeng
084 _qCRL
100 _aJayal, Niraja Gopal
_9978608
245 0 _aCitizenship and Its Discontents
260 _bWalter de Gruyter
260 _bWalter de Gruyter
260 _c2013
650 _aPolitical Science
_9978609
856 _uhttp://www.degruyter.com/isbn/9780674067585
942 _cEBOOK
999 _c1555747
_d1555747